The kites / (Record no. 9672)

MARC details
000 -LEADER
fixed length control field 01209nam a22002897a 4500
001 - CONTROL NUMBER
control field 9672
003 - CONTROL NUMBER IDENTIFIER
control field FISKH
005 - DATE AND TIME OF LATEST TRANSACTION
control field 20260428100415.0
008 - FIXED-LENGTH DATA ELEMENTS--GENERAL INFORMATION
fixed length control field 260128b cb ||||| |||| 00| 0 eng d
020 ## - INTERNATIONAL STANDARD BOOK NUMBER
International Standard Book Number 9780462004594
040 ## - CATALOGING SOURCE
Original cataloging agency FISKH
Language of cataloging eng
Transcribing agency FISKH
Modifying agency FISKH
050 ## - LIBRARY OF CONGRESS CALL NUMBER
Classification number PZ7
082 ## - DEWEY DECIMAL CLASSIFICATION NUMBER
Classification number 372.6
100 ## - MAIN ENTRY--PERSONAL NAME
Personal name Ling, Judy
Relator term Author
245 ## - TITLE STATEMENT
Title The kites /
Statement of responsibility, etc. Written by Judy Ling ; illustrated by Xiangyi Mo
260 ## - PUBLICATION, DISTRIBUTION, ETC.
Place of publication, distribution, etc. Singapore :
Name of publisher, distributor, etc. Marshall Cavendish International ,
Date of publication, distribution, etc. 2008
300 ## - PHYSICAL DESCRIPTION
Extent 16 pages :
Other physical details color illustrations ;
Dimensions 19 cm
490 ## - SERIES STATEMENT
Series statement My pals are here! :
Volume/sequential designation 2c
505 ## - FORMATTED CONTENTS NOTE
Formatted contents note J<br/>
520 ## - SUMMARY, ETC.
Summary, etc. Amarjit’s Baby Sister is a simple fiction story for early readers that follows Amarjit, a young child excited about having a new baby sister. Through short sentences and illustrations, the book shows how Amarjit learns about helping at home, caring for the baby, and sharing feelings about the changes a new sibling brings. The text is designed to support early reading skills with familiar words and engaging visuals.
521 8# - TARGET AUDIENCE NOTE
Target audience note 400<br/>
Source Lexile estimate<br/>
521 8# - TARGET AUDIENCE NOTE
Target audience note G<br/>
Source Raz-Plus<br/>
650 ## - SUBJECT ADDED ENTRY--TOPICAL TERM
Topical term or geographic name entry element Fun
Form subdivision Kites
700 ## - ADDED ENTRY--PERSONAL NAME
Personal name Mo, Xiangyi
Relator term Illustrator
942 ## - ADDED ENTRY ELEMENTS (KOHA)
Source of classification or shelving scheme Dewey Decimal Classification
Koha item type Books
Suppress in OPAC No
Holdings
Withdrawn status Lost status Source of classification or shelving scheme Damaged status Not for loan Collection Home library Current library Shelving location Date acquired Total Checkouts Full call number Barcode Date last seen Copy number Price effective from Koha item type
    Dewey Decimal Classification     Juvenile Fiction Footprints International School Library Network Toul Tom Poung Campus Footprints International School Library Network Toul Tom Poung Campus TTP Primary Dark Blue Bookshelves 01/28/2026   LIN 372.6 PZ7 2026-0187 01/28/2026 1 01/28/2026 Books
    Dewey Decimal Classification     Juvenile Fiction Footprints International School Library Network Toul Tom Poung Campus Footprints International School Library Network Toul Tom Poung Campus TTP Primary Dark Blue Bookshelves 04/28/2026   LIN 372.6 PZ7 FISTK03185 04/28/2026 2 04/28/2026 Books